LDR 00971naa#a2200217#i#450# 001 EN\\bibl\123413 005 20260706010839.1 011 ## _a1994-4683 100 ## _a20230731b2023####ek#y0engy0150####ca 102 ## _aRU 200 1# _aEXPRESS TESTS AND INDEXES OF INDICATORS OFPHYSICAL DEVELOPMENT AND FUNCTIONAL STATE OF STUDENTS _eJournal article 210 1# _aMoscow _cNational State University of Physical Education, Sports and Health named after P.F. Lesgaft _d2023 215 ## _a4 с. 608 ## _aJournal article _2local 675 ## _aМетодика физического воспитания. Пути и средства физического воспитания. Учебные заведения физической культуры. 796.011.3 _z 700 #1 _aRayevskiy _gDmitry Aleksandrovich 700 #1 _aChicherin _gVadim Petrovich 700 #1 _aDomashchenko _gValery Sergeevich 700 #1 _aMamyshev _gE V 700 #1 _aTerekhova _gN V 856 4# _auchzapiski.lesgaft.spb.ru _u